Information technology and organizations : (Record no. 89749)

MARC details
000 -CABECERA
campo de control de longitud fija 00579nam a2200193 a 4500
005 - FECHA Y HORA DE LA ÚLTIMA TRANSACCIÓN
campo de control 20220531063610.0
008 - ELEMENTOS DE LONGITUD FIJA--INFORMACIÓN GENERAL
campo de control de longitud fija 020507s1997 mx r 000 0 spa d
020 ## - NÚMERO INTERNACIONAL NORMALIZADO PARA LIBROS
Número Internacional Estándar del Libro 0198289391
035 ## - NÚMERO DE CONTROL DEL SISTEMA
Número de control de sistema UPN01000117201
049 ## - COLECCIÓN
Colección CG
050 #4 - SIGNATURA TOPOGRÁFICA DE LA BIBLIOTECA DEL CONGRESO
Número de clasificación T58.5
Número de documento/Ítem I5.3
245 00 - MENCIÓN DE TÍTULO
Título Information technology and organizations :
Resto del título strategies, networks and integration /
Mención de responsabilidad, etc. ed. Brian P. Bloomfield... [et al.].
260 ## - PUBLICACIÓN, DISTRIBUCIÓN, ETC.
Lugar de publicación, distribución, etc. New York :
Nombre del editor, distribuidor, etc. Oxford University,
Fecha de publicación, distribución, etc. 1997.
300 ## - DESCRIPCIÓN FÍSICA
Extensión 186 p.
650 #2 - ASIENTO SECUNDARIO DE MATERIA - TERMINO TEMATICO
Término de materia o nombre geográfico como elemento de entrada Tecnología de la información
9 (RLIN) 4816
901 ## - ELEMENTOS DE DATOS A LOCAL LDA (RLIN)
a 185044
902 ## - ELEMENTOS DE DATOS B LOCAL, LDB (RLIN)
Creó MCM/cav
905 ## - TIPO DE MATERIAL
Tipo de material Libro
Holdings
Estado de retiro Estado de pérdida Fuente del sistema de clasificación o colocación Estado dañado No para préstamo Código de colección Localización permanente Ubicación/localización actual Ubicación en estantería Total de préstamos Clasificación Código de barras Fecha visto por última vez Número de copia Tipo de ítem Koha
    Library of Congress Classification     Colección General Bib. Gregorio Torres Quintero Bib. Gregorio Torres Quintero Planta baja   T58.5 I5.3 185044 31/12/2020 1 Libro